Botany laboratory manual

Guardat en:
Dades bibliogràfiques
Autor principal: Steiner, Erich
Altres autors: Sussman, Alfred S, Wagner, Warren H
Format: Llibre
Idioma:anglès
Publicat: New York, USA Holt, Rinehart & Winston 1966
Edició:Tercera edición
Matèries:
Etiquetes: Afegir etiqueta
Sense etiquetes, Sigues el primer a etiquetar aquest registre!

MARC

LEADER 00000nam a2200000 a 4500
001 UCT3835
003 CL-VaPUC
005 20230411074544.0
008 961031e19660100US |||||||||||||||||eng|d
999 |c 253350  |d 253348 
040 |c Pontificia Universidad Católica de Valparaíso 
082 0 4 |a 581.072 STE 1966  |2 21 
100 0 |a Steiner, Erich  |9 372846 
245 1 0 |a Botany laboratory manual 
250 |a Tercera edición 
260 0 3 |a New York, USA  |b Holt, Rinehart & Winston  |c 1966 
300 |a 250 páginas 
583 |a last modification  |c 19961031 00:00:00  |k Rodrigo Vera 
650 0 |a Botánica  |9 264202 
650 7 |a LABORATORIOS  |2 CL-VaPUC  |9 264068 
650 0 |a Investigación  |9 257811 
650 7 |a EXPERIMENTOS CIENTIFICOS  |2 CL-VaPUC  |9 320167 
650 0 |a Células   |9 269548 
700 0 |a Sussman, Alfred S  |9 372847 
700 0 |a Wagner, Warren H  |9 372848 
942 |c BK  |2 ddc 
945 |d 19961031 00:00:00  |a paguirre